[Event "Tatran Cup"]
[Site "Stary Smokovec"]
[Date "1983.??.??"]
[Round "2"]
[White "Azmaiparashvili, Zurab"]
[Black "Banas, Jan"]
[Result "1/2-1/2"]
[WhiteElo "2455"]
[BlackElo "2330"]

1.d4 Nf6 2.Nf3 g6 3.Bg5 Bg7 4.Nbd2 d5 5.e3 c5 6.c3 Qb6 7.Qb3 O-O 8.Bd3 Nc6
9.O-O Re8 10.Rfd1 Qxb3 11.axb3 e5 12.dxe5 Nxe5 13.Bb5 Bd7 14.Bxf6 Bxf6 15.Bxd7 Nxd7
16.Nc4 Nb6 17.Nxb6 axb6 18.Kf1 Rxa1 19.Rxa1 Kf8 20.Ra7 Re7 21.Ne1 Rd7 22.Nd3 Ke7
23.b4 Kd6 24.Ke2 Kc6 25.Kd2 h5 26.bxc5 bxc5 27.b4 cxb4 28.Nxb4+ Kb5 29.Kd3 d4  1/2-1/2

[Event "Tatran Cup"]
[Site "Stary Smokovec"]
[Date "1983.??.??"]
[Round "6"]
[White "Schneider, Attila"]
[Black "Azmaiparashvili, Zurab"]
[Result "1-0"]
[WhiteElo "2410"]
[BlackElo "2455"]

1.d4 d6 2.Nf3 g6 3.c4 Bg7 4.Nc3 e5 5.dxe5 dxe5 6.Qxd8+ Kxd8 7.Bg5+ f6 8.O-O-O+ Ke8
9.Bd2 Be6 10.e3 Nh6 11.h3 Nd7 12.Nb5 Kd8 13.Bb4 Nf7 14.Nd2 a5 15.Ba3 c6 16.Nd6 Nxd6
17.Bxd6 Bf8 18.Bxf8 Rxf8 19.Ne4 Ke7 20.Nc3 Nc5 21.Be2 Ra6 22.f3 Rb6 23.Kc2 Bf5+
24.Kc1 a4 25.Rd5 a3 26.e4 Bxe4 27.fxe4 Nxe4 28.Rb5 axb2+ 29.Rxb2 Nxc3 30.Rxb6 Nxe2+
31.Kd2 Nd4 32.Rxb7+ Kd6 33.a4 Kc5 34.a5 Rd8 35.a6 Nb5+ 36.Ke2 Nc3+ 37.Ke3 Nd1+
38.Kf3 Kxc4 39.Kg3 Nc3 40.a7 Ra8 41.Ra1 Nb5 42.Ra6 Kd3 43.Rxc6 Rxa7 44.Rxb5 Ra3
45.Kh2  1-0

[Event "Tatran Cup"]
[Site "Stary Smokovec"]
[Date "1983.??.??"]
[Round "7"]
[White "Azmaiparashvili, Zurab"]
[Black "Cvetkovic, Srdjan"]
[Result "1/2-1/2"]
[WhiteElo "2455"]
[BlackElo "2410"]

1.d4 Nf6 2.c4 e6 3.Nc3 d5 4.cxd5 exd5 5.Bg5 Be7 6.e3 h6 7.Bh4 O-O 8.Bd3 Re8
9.Qc2 c5 10.Nge2 Nc6 11.dxc5 d4 12.Rd1 g5 13.Bg3 dxc3 14.Bc4 Qa5 15.Qg6+ Kh8
16.Bxf7 cxb2+ 17.Kf1 Rg8 18.Qxh6+ Nh7 19.Bxg8 Kxg8 20.Qg6+ Kh8 21.h4 g4 22.Bd6 Bxd6
23.Rxd6 Qxa2 24.Nc3  1/2-1/2

[Event "Tatran Cup"]
[Site "Stary Smokovec"]
[Date "1983.??.??"]
[Round "8"]
[White "Lanc, Alois"]
[Black "Azmaiparashvili, Zurab"]
[Result "1/2-1/2"]
[WhiteElo "2410"]
[BlackElo "2455"]

1.e4 c5 2.Nf3 d6 3.d4 cxd4 4.Nxd4 Nf6 5.Nc3 Nc6 6.Be2 e5 7.Nxc6 bxc6 8.Qd3 Be7
9.Qg3 O-O 10.O-O Be6 11.f4 Qb6+ 12.Kh1 exf4 13.Bxf4 Rfd8 14.e5 Ne8 15.exd6 Bxd6
16.Bxd6 Nxd6 17.Bd3 g6 18.Rae1 Qxb2 19.Rxe6 fxe6 20.Bxg6 hxg6 21.Qxg6+ Kh8
22.Qh6+ Kg8 23.Qxe6+ Kh8 24.Qf6+ Kg8 25.Qg5+ Kh8 26.Qh5+ Kg8 27.Qg4+ Kh8
28.Qd4+ Kg8 29.Qg4+ Kh8 30.Qh3+ Kg8 31.Qg3+ Kh8 32.Qe5+ Kg8 33.Qg3+ Kh8 34.Qh4+ Kg8
35.Qg5+ Kh8 36.Qh6+ Kg8 37.Qg6+ Kh8 38.Qf6+ Kg8 39.Qe6+ Kh8 40.Qh3+ Kg8 41.Qg3+ Kh8  1/2-1/2

[Event "Tatran Cup"]
[Site "Stary Smokovec"]
[Date "1983.??.??"]
[Round "10"]
[White "Nun, Josef"]
[Black "Azmaiparashvili, Zurab"]
[Result "1-0"]
[WhiteElo "2390"]
[BlackElo "2455"]

1.e4 c5 2.c3 d6 3.d4 Nf6 4.dxc5 Nc6 5.f3 d5 6.exd5 Nxd5 7.c4 Ndb4 8.a3 Qa5
9.Bd2 Bf5 10.Bc3 Qa6 11.Nd2 Nc2+ 12.Kf2 Nxa1 13.Qxa1 e5 14.g4 Bxc5+ 15.Kg2 Be6
16.b4 Bxg1 17.Rxg1 Nd4 18.c5 Qa4 19.Bxd4 exd4 20.Bd3 O-O 21.Ne4 a5 22.b5 Bd5
23.Nd6 b6 24.Rb1 bxc5 25.Qb2 Rae8 26.Ne4 Bxe4 27.fxe4 Rb8 28.Qa2 Rfc8 29.Bc2 Qxb5
30.Rxb5 Rxb5 31.Qc4 Rb2 32.Kg3 a4 33.Bxa4 d3 34.Qxd3 c4 35.Qc3 Rb6 36.Bc2 g6
37.Kf4 Rc5 38.g5 Rb7 39.h4 Rb6 40.Ke3 Rb7 41.Qf6 Rd7 42.Qc3 Rb7 43.Kf4 Rb6
44.a4 Rb8  1-0

[Event "Tatran Cup"]
[Site "Stary Smokovec"]
[Date "1983.??.??"]
[Round "11"]
[White "Azmaiparashvili, Zurab"]
[Black "Knezevic, Milorad"]
[Result "1/2-1/2"]
[WhiteElo "2455"]
[BlackElo "2435"]

1.c4 f5 2.Nc3 Nf6 3.g3 g6 4.Bg2 Bg7 5.d4 O-O 6.Nh3 d6 7.d5 c6 8.O-O e5 9.dxe6 Bxe6
10.Qb3 Qe7 11.Ng5 Bc8 12.Bf4  1/2-1/2

[Event "Tatran Cup"]
[Site "Stary Smokovec"]
[Date "1983.??.??"]
[Round "13"]
[White "Azmaiparashvili, Zurab"]
[Black "Ftacnik, Lubomir"]
[Result "1/2-1/2"]
[WhiteElo "2455"]
[BlackElo "2535"]

1.d4 Nf6 2.Nf3 g6 3.g3 Bg7 4.Bg2 d5 5.O-O O-O 6.c4 dxc4 7.Ne5 Nfd7 8.Nxc4 Nb6
9.Nxb6 axb6 10.e3 c5 11.dxc5 bxc5 12.Qc2 Na6  1/2-1/2

[Event "URS-ch sf"]
[Site "Volgodonsk"]
[Date "1983.??.??"]
[Round "?"]
[White "Sveshnikov, Evgeny"]
[Black "Azmaiparashvili, Zurab"]
[Result "1/2-1/2"]
[WhiteElo "2505"]
[BlackElo "2455"]

1.e4 d6 2.d4 g6 3.g3 Bg7 4.Nc3 Nc6 5.d5 Nd4 6.Bg2 c5 7.dxc6 bxc6 8.Nge2 Bg4
9.Qd3 Nxe2 10.Nxe2 Rb8 11.O-O Qc8 12.Rb1 Nf6 13.Be3 Nd7 14.f4 Bxe2 15.Qxe2 Rxb2
16.Rxb2 Bxb2 17.e5 dxe5 18.fxe5 Bxe5 19.Bh6 e6 20.Qf2 f6 21.Qxa7 Ke7 22.Be3 Qc7
23.Qxc7 Bxc7 24.Bxc6 Ne5 25.Bb5 h5 26.h3 g5 27.Kg2 Rc8 28.Bc5+ Kf7 29.Bd4 g4
30.hxg4 Nxg4 31.Be2 Be5 32.Bxg4 Rxc2+ 33.Kh1 Bxd4 34.Bxh5+ Kg7 35.Bg4 f5
36.Bd1 Rxa2 37.g4 f4 38.Bb3 Rb2 39.Bxe6 Kf6 40.Rxf4+ Ke5 41.Rxd4 Kxd4 42.Kg1  1/2-1/2

[Event "URS-ch sf"]
[Site "Volgodonsk"]
[Date "1983.??.??"]
[Round "?"]
[White "Ionov, Sergey"]
[Black "Azmaiparashvili, Zurab"]
[Result "0-1"]
[WhiteElo "2200"]
[BlackElo "2455"]

1.d4 d6 2.e4 g6 3.c3 Bg7 4.Bc4 Nf6 5.Qe2 e5 6.dxe5 dxe5 7.Nf3 Qe7 8.O-O O-O
9.Bg5 a5 10.a4 Nbd7 11.Nbd2 Nc5 12.Qe3 Bd7 13.b3 b6 14.Ne1 Be6 15.Nd3 Bxc4
16.Nxc4 Nxb3 17.Rab1 Qe6 18.Ncxe5 Rfe8 19.Bxf6 Bxf6 20.f4 Bxe5 21.fxe5 Qc4
22.Nf2 h5 23.Nd3 Rad8 24.Nf4 Qc5 25.Rfe1 Qxe3+ 26.Rxe3 Nc5 27.Nd5 Rxe5 28.Nxc7 Nxa4
29.c4 Rd4 30.Nd5 Rxc4 31.Nxb6 Nxb6 32.Rxb6 Rcxe4 33.Rxe4 Rxe4 34.Ra6 a4 35.Kf2 Rb4
36.Kf3 Rb3+ 37.Kf4 a3 38.g3 Rb2 39.h4 a2 40.Kf3 Kf8 41.Ra7 Ke8 42.Kf4 Kd8
43.Kg5 Rf2 44.Kh6 Kc8 45.Kg7 Kb8  0-1

[Event "URS-ch sf"]
[Site "Volgodonsk"]
[Date "1983.??.??"]
[Round "?"]
[White "Azmaiparashvili, Zurab"]
[Black "Gulko, Boris F"]
[Result "1/2-1/2"]
[WhiteElo "2455"]
[BlackElo "2490"]

1.d4 Nf6 2.c4 e6 3.Nc3 Bb4 4.e3 O-O 5.Bd3 d5 6.Nf3 Nc6 7.O-O a6 8.a3 dxc4
9.Bxc4 Bd6 10.h3 e5 11.d5 Ne7 12.Qe2 Ng6 13.Nd2 Bd7 14.Rd1 Qe7 15.Bd3 Ne8
16.Bxg6 hxg6 17.e4 f5 18.Nc4 f4 19.Nxd6 f3 20.Qe3 cxd6 21.Qg5 Qf7 22.g4 Nf6
23.Rd3 Nh7 24.Qh4 Rac8 25.g5 Bb5 26.Nxb5 axb5 27.Be3 Qd7 28.Qg4 Qxg4+ 29.hxg4 Rc4
30.Kh2 Rxe4 31.Kg3 b4 32.Rc1 bxa3 33.bxa3 Ra4 34.Rc7 Rf7 35.Rxf7 Kxf7 36.Rb3 Ke8
37.Rxb7 Rxa3 38.Rxg7 Nf8 39.Kxf3 Ra5 40.Ke4 Ra4+ 41.Kf3 Ra5 42.Ke4  1/2-1/2

[Event "URS-ch sf"]
[Site "Volgodonsk"]
[Date "1983.??.??"]
[Round "?"]
[White "Azmaiparashvili, Zurab"]
[Black "Kholmov, Ratmir D"]
[Result "1/2-1/2"]
[WhiteElo "2455"]
[BlackElo "2480"]

1.d4 Nf6 2.c4 e6 3.Nc3 Bb4 4.e3 d5 5.Nf3 c5 6.Bd3 dxc4 7.Bxc4 O-O 8.O-O Bd7
9.d5 Bxc3 10.dxe6 Bxe6 11.Bxe6 Qxd1 12.Rxd1 fxe6 13.bxc3 Ne4 14.Bb2 Nc6 15.Rd7 Rf7
16.Rxf7 Kxf7 17.Rd1 Ke7 18.c4 g6 19.Kf1 Rf8 20.Ke2 Na5 21.Rc1 a6 22.Rc2 Nc6
23.a3 Rc8 24.Ne1 Na5 25.Be5 Nd6 26.Bxd6+ Kxd6 27.a4 Rc6 28.Nd3 Rb6 29.Rb2 Nxc4
30.Rc2 Na3 31.Rc3 c4 32.Rxa3 cxd3+ 33.Rxd3+ Kc7 34.Rd4 Rb2+ 35.Kf3 a5 36.Rf4 b5
37.axb5 Rxb5 38.Rf7+ Kb6 39.Re7 a4 40.Rxe6+ Ka5 41.Re7 a3 42.Rxh7 Ka4 43.Ra7+ Ra5
44.Rd7 a2 45.Rd1 Kb3  1/2-1/2

[Event "URS-ch sf"]
[Site "Volgodonsk"]
[Date "1983.??.??"]
[Round "?"]
[White "Azmaiparashvili, Zurab"]
[Black "Novikov, Igor A"]
[Result "1/2-1/2"]
[WhiteElo "2455"]
[BlackElo "2280"]

1.d4 Nf6 2.c4 e6 3.Nc3 Bb4 4.e3 c5 5.Bd3 Nc6 6.Nf3 Bxc3+ 7.bxc3 d6 8.e4 e5
9.d5 Ne7 10.Nh4 h6 11.f4 Ng6 12.Nxg6 fxg6 13.O-O O-O 14.h3 Qe7 15.f5 gxf5
16.exf5 e4 17.Be2 Nh7 18.g4 Qh4 19.Kg2 Ng5 20.Bxg5 Qxg5 21.Kh2 h5 22.Qc1 e3
23.Qe1 hxg4 24.hxg4 g6 25.Qg3 gxf5 26.Rf4 Bd7 27.gxf5 Qxg3+ 28.Kxg3  1/2-1/2

[Event "URS-ch sf"]
[Site "Volgodonsk"]
[Date "1983.??.??"]
[Round "?"]
[White "Azmaiparashvili, Zurab"]
[Black "Yurtaev, Leonid"]
[Result "0-1"]
[WhiteElo "2455"]
[BlackElo "2360"]

1.d4 Nf6 2.Nf3 d6 3.Nc3 Nbd7 4.Bf4 c6 5.e4 Qa5 6.e5 Ne4 7.exd6 Nxc3 8.Qd2 exd6
9.Bd3 Be7 10.O-O Nf8 11.Rfe1 Be6 12.Ng5 Bxg5 13.Bxg5 h6 14.Be3 O-O-O 15.a3 Ng6
16.b4 Qh5 17.Qxc3 Nh4 18.Bf4 Nxg2 19.Kxg2 Qg4+ 20.Bg3 Bd5+ 21.Kf1 h5 22.Bc4 Bxc4+
23.Qxc4 h4 24.Re7 hxg3 25.Qxf7 Qxd4 26.Rc7+ Kb8 27.Rxb7+ Ka8 28.c3 Qd3+ 29.Kg2 Rxh2+
30.Kg1 gxf2+ 31.Kxh2 Rh8+ 32.Kg2 Qe4+ 33.Kg3 Qe3+ 34.Kg2 f1=B+ 35.Rxf1 Qg5+
36.Kf3 Rh3+ 37.Ke2 Qe3+ 38.Kd1 Qd3+ 39.Kc1 Qxc3+ 40.Kb1 Qd3+ 41.Kc1 Qxa3+
42.Kc2 Rh2+  0-1

[Event "Albena"]
[Site "Albena"]
[Date "1984.??.??"]
[Round "?"]
[White "Kirov, Nino"]
[Black "Azmaiparashvili, Zurab"]
[Result "1/2-1/2"]
[WhiteElo "2430"]
[BlackElo "2450"]

1.d4 d6 2.g3 g6 3.Bg2 Bg7 4.e4 c5 5.dxc5 Qa5+ 6.Bd2 Qxc5 7.Nc3 Nf6 8.h3 O-O
9.Nge2 Nbd7 10.O-O a6 11.a4 Rb8 12.Be3 Qc7 13.Ba7 Ra8 14.Bd4 e6 15.a5 e5
16.Be3 b5 17.axb6 Nxb6 18.Nb5 Qb8 19.Na3 Be6 20.b3 a5 21.c4 a4 22.Rb1 axb3
23.Rxb3 Rxa3 24.Rxa3 Nxc4 25.Rc3 Qb7 26.Qb1 Qxb1 27.Rxb1 Nxe3 28.Rxe3 d5
29.exd5 Nxd5 30.Reb3 e4 31.Rb8 f5 32.Rxf8+ Kxf8 33.Rb7 h5 34.h4 Be5 35.f3 Nc3
36.Nxc3 exf3 37.Bxf3 Bxc3 38.Kg2 Be5 39.Rb5 Bd6 40.Rb6 Ke7  1/2-1/2

[Event "Albena"]
[Site "Albena"]
[Date "1984.??.??"]
[Round "?"]
[White "Azmaiparashvili, Zurab"]
[Black "Cserna, Laszlo"]
[Result "1-0"]
[WhiteElo "2450"]
[BlackElo "2440"]

1.d4 Nf6 2.Nf3 e6 3.g3 d5 4.Bg2 c5 5.O-O Nc6 6.c4 dxc4 7.Qa4 Bd7 8.Qxc4 Rc8
9.dxc5 Qa5 10.Bg5 Qb4 11.Qxb4 Nxb4 12.a3 Nc2 13.Ra2 Bxc5 14.b4 Bb6 15.Rc1 Nd4
16.Nxd4 Bxd4 17.Bxb7 Rxc1+ 18.Bxc1 Ke7 19.Bb2 Bb6 20.a4 Rb8 21.Bf3 Rc8 22.a5 Bc7
23.Bb7 Rb8 24.a6 Bc8 25.Bd4 Bxb7 26.Bxa7 Rd8 27.axb7 Rd1+ 28.Kg2 Rxb1 29.Rc2 Bd6
30.Bc5 Nd7 31.Bxd6+ Kxd6  1-0

[Event "Albena"]
[Site "Albena"]
[Date "1984.??.??"]
[Round "?"]
[White "Tal, Mihail"]
[Black "Azmaiparashvili, Zurab"]
[Result "1-0"]
[WhiteElo "2605"]
[BlackElo "2450"]

1.d4 d6 2.c4 e5 3.Nf3 exd4 4.Nxd4 g6 5.Nc3 Bg7 6.e4 Nc6 7.Be3 Nge7 8.Be2 O-O
9.O-O f5 10.exf5 Bxd4 11.Bxd4 Nxf5 12.Be3 Nxe3 13.fxe3 Rxf1+ 14.Qxf1 Be6
15.Qf4 Qe7 16.Rf1 Re8 17.Bg4 Nd8 18.Bxe6+ Nxe6 19.Qf3 c6 20.Ne4 Rf8 21.Qg3 Rxf1+
22.Kxf1 d5 23.cxd5 cxd5 24.Qb8+ Nf8 25.Nc3 Qxe3 26.Qxb7 d4 27.Ne4 d3 28.Qd5+ Kg7
29.Qe5+ Kh6 30.Nd6 Qc1+ 31.Kf2 g5 32.Qf6+ Ng6 33.Nf7+  1-0

[Event "Albena"]
[Site "Albena"]
[Date "1984.??.??"]
[Round "?"]
[White "Toshkov, Tihomir"]
[Black "Azmaiparashvili, Zurab"]
[Result "0-1"]
[WhiteElo "2440"]
[BlackElo "2450"]

1.c4 e6 2.d4 d5 3.Nc3 Be7 4.Nf3 Nf6 5.Bg5 O-O 6.e3 h6 7.Bxf6 Bxf6 8.Rc1 c6
9.Bd3 dxc4 10.Bxc4 Nd7 11.O-O e5 12.Bb3 exd4 13.exd4 Re8 14.Re1 Rxe1+ 15.Qxe1 Nf8
16.Ne4 Bg4 17.Ne5 Be6 18.Nxf6+ Qxf6 19.Qb4 Bxb3 20.axb3 Rd8 21.Qxb7 Rxd4
22.Nxc6 Rd7 23.Qc8 Qxb2 24.Re1 Qe2  0-1

[Event "URS Cup"]
[Site "URS"]
[Date "1984.??.??"]
[Round "?"]
[White "Gurgenidze, Bukhuti"]
[Black "Azmaiparashvili, Zurab"]
[Result "1-0"]
[WhiteElo "2470"]
[BlackElo "2460"]

1.e4 c5 2.g3 d5 3.exd5 Qxd5 4.Nf3 Bg4 5.Bg2 Qe6+ 6.Kf1 Bh3 7.d4 cxd4 8.Nxd4 Qd5
9.Qf3 Qxf3 10.Nxf3 Bxg2+ 11.Kxg2 Nc6 12.c4 g6 13.Nc3 Bg7 14.Nd5 O-O-O 15.Ng5 Nh6
16.Rb1 Rd7 17.b4 e6 18.Ne3 Nf5 19.c5 Bd4 20.Nxf5 gxf5 21.Nf3 Bf6 22.Bf4 e5
23.b5 exf4 24.bxc6 bxc6 25.Rb4 Rhd8 26.Rhb1 Rc7 27.Ne5 Bxe5 28.Rb8+ Kd7 29.Rd1+ Ke6
30.Rbxd8 fxg3 31.Re8+ Kf6 32.hxg3 f4 33.g4 Rb7 34.Re1 Bd4 35.R1e4 Bxc5 36.Rxf4+ Kg7
37.Rc8 Rb2 38.Rxc6 Be3 39.Rf3 Bb6 40.a3 Rd2 41.Rff6 Rd7 42.Rf5 h6 43.a4 Bd8
44.Rf4 Kg8 45.Rfc4 Kg7 46.R4c5 Bh4 47.Ra5  1-0

[Event "URS Cup"]
[Site "URS"]
[Date "1984.??.??"]
[Round "?"]
[White "Azmaiparashvili, Zurab"]
[Black "Sokolov, Andrei"]
[Result "1-0"]
[WhiteElo "2460"]
[BlackElo "2495"]

1.d4 Nf6 2.c4 e6 3.Nc3 Bb4 4.e3 O-O 5.Bd3 d5 6.Nf3 c5 7.O-O dxc4 8.Bxc4 Nbd7
9.Qe2 a6 10.a4 Qc7 11.Na2 b5 12.Bd3 Ba5 13.b4 cxb4 14.axb5 b3 15.Ba3 bxa2
16.Bxf8 Kxf8 17.bxa6 Nd5 18.Qxa2 Bc3 19.Rab1 Qa5 20.Qxa5 Bxa5 21.Ra1 Bc3
22.Ra4 N7b6 23.Ra3 Bb4 24.Rb3 Bd6 25.Ra1 Ra7 26.g3 Nd7 27.Nd2 Ke7 28.e4 N5b6
29.Nb1 e5 30.Nc3 exd4 31.Nb5 Ra8 32.Nxd4 Bc5 33.Nf5+ Kd8 34.Bb5 g6 35.Ne3 Bd4
36.Raa3 Nc5 37.Rd3 Nxd3 38.Rxd3 Bxa6 39.Rxd4+ Ke7 40.Rb4 Bxb5 41.Rxb5 Nd7
42.Kg2 h5 43.Nd5+ Kd6 44.Nf4 Ra7 45.e5+ Ke7 46.h4 Nf8 47.Rb2 Nd7 48.e6 Nf8
49.exf7 Kxf7 50.Rb6 Rd7 51.Ra6 Rd2 52.Kf3 Rd7 53.Rc6 Re7 54.Nd5 Re5 55.Rc7+ Ke6
56.Nf4+ Kf6 57.Rc8  1-0

[Event "URS-ch U20"]
[Site "Vilnius"]
[Date "1984.??.??"]
[Round "2"]
[White "Azmaiparashvili, Zurab"]
[Black "Pigusov, Evgeny"]
[Result "1/2-1/2"]
[WhiteElo "2460"]
[BlackElo "2460"]

1.d4 Nf6 2.c4 e6 3.Nc3 d5 4.cxd5 exd5 5.Bg5 Be7 6.e3 O-O 7.Bd3 Nbd7 8.Qc2 Re8
9.Nf3 Nf8 10.O-O c6 11.Rfe1 Ne4 12.Bxe7 Qxe7 13.Bxe4 dxe4 14.Nd2 b6 15.Qa4 b5
16.Qc2 b4 17.Na4 Ba6 18.Nc4 Nd7 19.Rac1 Qg5 20.Qd2 Rab8 21.Red1 Re6 22.Ne5 Nxe5
23.dxe5 Rxe5 24.Rxc6 Bb5 25.Qxb4 Ree8 26.Qa5 Qg4 27.Rcd6 Be2 28.h3 Qc8 29.R1d4 Qc1+
30.Kh2 Qf1 31.Qd2 h5 32.Nc3 Bf3 33.gxf3 exf3 34.Kg3 Qg2+ 35.Kf4 Qxh3 36.e4 Qg4+
37.Ke3 h4 38.Qd1 Rxb2 39.Qxf3 Qg5+ 40.Qf4 Qxf4+ 41.Kxf4 Rxf2+ 42.Kg4 h3 43.Rd8 Kf8
44.Nd1 Rxa2 45.Rxe8+ Kxe8 46.Kxh3 f5 47.exf5 Ra6 48.Nc3 g6 49.Nd5 Ra3+ 50.Kg4 gxf5+
51.Kxf5 Kd7 52.Ke5 Ra1 53.Nf6+ Kc6 54.Rc4+ Kb5 55.Rc3 a5 56.Kd6 Rh1 57.Rc5+ Ka4
58.Kc6 Rh6 59.Rf5 Kb4 60.Rf4+ Kc3 61.Kc5 Kd3 62.Nd5 Rh8 63.Rd4+ Ke2 64.Ra4 Rc8+
65.Kb5 Rb8+ 66.Kc6 Rc8+ 67.Nc7 Rh8 68.Rxa5 Kd3 69.Ra4 Rc8 70.Kd6 Rd8+ 71.Ke5 Rh8
72.Rd4+ Ke2 73.Ne6 Re8 74.Rh4 Re7 75.Rh3 Kd2 76.Kd5 Rd7+ 77.Kc4 Ra7 78.Nc5 Ra8
79.Nb3+ Ke2 80.Nd4+ Kf2 81.Rf3+ Kg2 82.Rf7 Kg3 83.Kd3 Re8 84.Nf3 Kg4 85.Kd4 Kg3
86.Ne5 Ra8 87.Nf3 Re8 88.Rf6 Re7 89.Rf8 Re6 90.Ng5 Ra6 91.Ne4+ Kg4 92.Nf2+ Kg5
93.Nd3 Ra4+ 94.Kd5 Ra5+ 95.Nc5 Rb5 96.Kd4 Kg4 97.Nd3 Ra5 98.Ne5+ Kg5 99.Nf3+ Kg6
100.Ke4 Ra4+ 101.Nd4 Ra1 102.Nc6 Re1+ 103.Kd5 Kg5 104.Nd4 Ra1 105.Nf3+ Kg4
106.Ke4 Ra4+ 107.Nd4 Kg5 108.Rc8 Ra1 109.Nf3+ Kf6 110.Rc6+ Ke7 111.Rc5 Rf1
112.Rh5 Ra1 113.Rh6 Rf1 114.Ra6 Rb1 115.Nd4 Re1+ 116.Kd5 Rd1  1/2-1/2

[Event "URS-ch U20"]
[Site "Vilnius"]
[Date "1984.??.??"]
[Round "6"]
[White "Kharitonov, Andrei Y"]
[Black "Azmaiparashvili, Zurab"]
[Result "1/2-1/2"]
[WhiteElo "2455"]
[BlackElo "2460"]

1.d4 d5 2.c4 e6 3.Nc3 Nf6 4.cxd5 exd5 5.Bg5 Be7 6.e3 c6 7.Qc2 Nbd7 8.Bd3 O-O
9.Nf3 Re8 10.O-O Nf8 11.Ne5 Ng4 12.Bxe7 Qxe7 13.Nxg4 Bxg4 14.Bf5 Bxf5 15.Qxf5 Qd7
16.Qxd7 Nxd7 17.Rfc1 Kf8 18.Na4 Ke7 19.Nc5 Nxc5 20.Rxc5 a5 21.Rac1 Ra6 22.R1c2 Kd6
23.Kf1 Rea8 24.Ke2 a4 25.Kd3 Ra5 26.Rxa5 Rxa5 27.f3 f6 28.g4 Ra8 29.h3 h6
30.e4  1/2-1/2

[Event "URS-ch U20"]
[Site "Vilnius"]
[Date "1984.??.??"]
[Round "12"]
[White "Novikov, Igor A"]
[Black "Azmaiparashvili, Zurab"]
[Result "1-0"]
[WhiteElo "2420"]
[BlackElo "2460"]

1.d4 d6 2.e4 g6 3.Nf3 Bg7 4.Be2 Nf6 5.Nc3 O-O 6.O-O Bg4 7.Be3 Nc6 8.Qd2 e5
9.dxe5 dxe5 10.Rad1 Qc8 11.Qc1 Rd8 12.Rxd8+ Qxd8 13.Rd1 Qe8 14.h3 Bxf3 15.Bxf3 Rd8
16.Nb5 Rxd1+ 17.Qxd1 Qb8 18.c3 Bf8 19.Bg5 Ne8 20.Qa4 a5 21.Bg4 h6 22.Be3 Qd8
23.Be2 Nf6 24.Qc4 Nd7 25.Qd5 Qe7 26.Na7 Nxa7 27.Qxb7 Qh4 28.Qxc7 Nc5 29.Bxc5 Bxc5
30.Qxc5 Qxe4 31.Bf1 Nc6 32.f3 Qa4 33.b3 Qxa2 34.Qxc6 Kg7 35.Qd5 Kf6 36.Bc4  1-0

[Event "URS-ch U20"]
[Site "Vilnius"]
[Date "1984.??.??"]
[Round "15"]
[White "Azmaiparashvili, Zurab"]
[Black "Glek, Igor V"]
[Result "1/2-1/2"]
[WhiteElo "2460"]
[BlackElo "2395"]

1.d4 Nf6 2.c4 g6 3.Nc3 Bg7 4.e4 d6 5.Nf3 O-O 6.Be3 c5 7.dxc5 Ng4 8.Bg5 h6
9.Bh4 g5 10.Bg3 dxc5 11.h4 gxh4 12.Rxh4 Nc6 13.Be2 Qxd1+ 14.Rxd1 f5 15.exf5 Bxf5
16.Bd3 e6 17.Bd6 Rfc8 18.Bxf5 exf5 19.Rd5 Nd4 20.Nxd4 cxd4 21.Nd1 Rxc4 22.Rxf5 d3
23.Rd5 Rd8 24.Rh3 Re4+ 25.Kf1 Rde8 26.Ne3 Bd4 27.Rg3 Kh8 28.Rxg4 Rxg4 29.Be5+ Rxe5
30.Rxe5 Bxe5 31.Nxg4 Bxb2 32.Nxh6 b5 33.Nf7+ Kg7 34.Nd6 b4 35.Nb7 Bd4 36.Ke1 Kf6
37.Kd2 Bxf2 38.Kxd3 Ke5 39.Kc4 Kf4 40.Kxb4 Kg3 41.Kb5 Kxg2 42.a4 Kf3 43.Nd6 Kf4
44.Ka6 Ke5 45.Nb5 Kd5 46.Nxa7 Bxa7  1/2-1/2

[Event "URS-chI"]
[Site "Minsk"]
[Date "1985.??.??"]
[Round "8"]
[White "Razuvaev, Yuri S"]
[Black "Azmaiparashvili, Zurab"]
[Result "0-1"]
[WhiteElo "2520"]
[BlackElo "2465"]

1.d4 d6 2.e4 g6 3.Nf3 Bg7 4.Be2 Nf6 5.Nc3 Bg4 6.O-O Nc6 7.Be3 e5 8.dxe5 dxe5
9.Qxd8+ Nxd8 10.h3 Bxf3 11.Bxf3 h5 12.Rad1 Ne6 13.Nd5 Nd7 14.h4 c6 15.Nc3 Bf6
16.g3 g5 17.hxg5 Bxg5 18.Bxg5 Nxg5 19.Rd3 Nc5 20.Re3 Rd8 21.Rd1 Rd4 22.Bg2 h4
23.f4 Nge6 24.fxe5 h3 25.Bf1 Nd7 26.Red3 Nxe5 27.Rxd4 Nxd4 28.Be2 Nxc2 29.Kf2 Nd4
30.Rh1 Ke7 31.Nd1 Kf6 32.Ne3 Nxe2 33.Kxe2 Kg5 34.Rf1 h2 35.Rh1 Ng4 36.Nf1 f5
37.Nd2 Rh3 38.exf5 Kxf5 39.Kf3 Rh8 40.Nc4 Kg5  0-1

[Event "URS-chI"]
[Site "Minsk"]
[Date "1985.??.??"]
[Round "15"]
[White "Azmaiparashvili, Zurab"]
[Black "Kupreichik, Viktor D"]
[Result "1-0"]
[WhiteElo "2465"]
[BlackElo "2470"]

1.Nf3 d5 2.b3 c5 3.e3 Nc6 4.Bb2 e6 5.Bb5 Ne7 6.Ne5 Bd7 7.Nxd7 Qxd7 8.O-O a6
9.Bxc6 Nxc6 10.d3 f5 11.e4 O-O-O 12.Qe2 h5 13.Re1 h4 14.h3 Rg8 15.exd5 exd5
16.Nd2 Bd6 17.Qe6 Nb4 18.Qxd7+ Kxd7 19.Rec1 Bf4 20.Bc3 Rge8 21.a3 Nc6 22.Rd1 d4
23.Bb2 g5 24.Bc1 Ne5 25.b4 b6 26.bxc5 bxc5 27.Kf1 Kc6 28.Nb3 Ng6 29.a4 g4
30.Ba3 Bd6 31.Na5+ Kd5 32.Nc4 gxh3 33.gxh3 Nf4 34.Bc1 Nxh3 35.Nxd6 Rg8 36.Nxf5 Rde8
37.Ne3+ dxe3 38.Bxe3 Ng1 39.Rab1 h3 40.Rb6 h2 41.Bf4 Kd4 42.c3+ Kxc3 43.Rc1+ Kxd3
44.Rd6+ Ke4 45.Rc4+ Kf5 46.Bxh2 Nh3 47.Rxc5+ Ke4 48.f3+ Kxf3 49.Rc3+ Ke4
50.Rxh3 Ref8+ 51.Ke1 Rh8 52.Rdh6 Rxh6 53.Rxh6 a5 54.Kd2 Kd5 55.Rh3 Kc4 56.Rc3+ Kd5
57.Bg1 Rf1 58.Ba7 Rf8 59.Rc5+ Ke6 60.Kd3 Kd7 61.Rxa5 Kc6 62.Bd4 Kc7 63.Ra7+ Kb8
64.Rh7 Rc8 65.Bb6 Rc6 66.a5 Rc8 67.Kd4 Rc6 68.Kd5 Rg6 69.Kc5 Rg8 70.Kb5 Re8
71.Ka6 Rf8 72.Rb7+ Kc8 73.Ra7  1-0

[Event "URS-chI"]
[Site "Minsk"]
[Date "1985.??.??"]
[Round "17"]
[White "Azmaiparashvili, Zurab"]
[Black "Rashkovsky, Nukhim N"]
[Result "1/2-1/2"]
[WhiteElo "2465"]
[BlackElo "2410"]

1.d4 Nf6 2.Nf3 e6 3.g3 b5 4.Bg2 Bb7 5.O-O c5 6.c3 cxd4 7.cxd4 Be7 8.Bg5 a6
9.a4 O-O 10.axb5 axb5 11.Rxa8 Bxa8 12.Qd3 Qa5 13.Na3 b4 14.Nc4 Qb5 15.Nce5 Qxd3
16.Nxd3 Be4 17.Nfe5 Bxd3 18.Nxd3 Rc8 19.Ra1 h6 20.Bf4 Nc6 21.Rc1 Nd5 22.Bd2 Rb8
23.e4 Nb6 24.Be3 Na5 25.Bf4 Ra8 26.Ra1 g5 27.Be3 Nbc4 28.Ra4 Rb8 29.Ne5 Nxe5
30.dxe5 Nc4 31.Bd4 Rc8 32.Bf3  1/2-1/2

[Event "Albena"]
[Site "Albena"]
[Date "1986.??.??"]
[Round "?"]
[White "Popchev, Milko"]
[Black "Azmaiparashvili, Zurab"]
[Result "0-1"]
[WhiteElo "2380"]
[BlackElo "2505"]

1.e4 d6 2.d4 g6 3.c3 Bg7 4.Nf3 Nf6 5.Bd3 O-O 6.O-O Nc6 7.Bg5 h6 8.Bh4 e5
9.dxe5 Nxe5 10.Nxe5 dxe5 11.Na3 Qe8 12.f3 Nh5 13.Bf2 Qe7 14.g3 Bh3 15.Re1 Rfd8
16.Qc2 Qf6 17.Be2 Bf8 18.Nc4 Ng7 19.Rad1 Re8 20.b4 Ne6 21.Ne3 c6 22.Ng4 Bxg4
23.fxg4 a5 24.a3 axb4 25.axb4 Ng5 26.Kg2 Ra3 27.Be3 Qe6 28.Bxg5 hxg5 29.Ra1 Rea8
30.Rxa3 Rxa3 31.Rb1 Ra2 32.Rb2 Ra1 33.Bd3 Qxg4 34.Rb1 Ra3 35.Bc4 Rxc3 36.Bxf7+ Kg7
37.Qxc3 Qxe4+ 38.Qf3 Qc2+ 39.Kh3 Qxb1 40.Be6 g4+ 41.Kxg4 Qxb4+ 42.Kh3 Qe7
43.Bb3 e4 44.Qe3 Qd7+ 45.Kg2 Qd3 46.Qxd3 exd3 47.Kf3 Bc5 48.Ke4 d2 49.Kd3 Bb4
50.Bd1 Kf6 51.h4 Bd6 52.g4 Bg3 53.h5 gxh5 54.gxh5 Bf4 55.Ke4 Bh6 56.Bg4 Ke7
57.Kd4 Kd6 58.Kc4 b5+ 59.Kb4 Kc7 60.Ka5 Kb7 61.Be2 d1=Q  0-1

[Event "Albena"]
[Site "Albena"]
[Date "1986.??.??"]
[Round "?"]
[White "Kolev, Atanas"]
[Black "Azmaiparashvili, Zurab"]
[Result "1/2-1/2"]
[WhiteElo "2350"]
[BlackElo "2505"]

1.d4 d6 2.e4 Nf6 3.Nc3 g6 4.g3 Bg7 5.Bg2 O-O 6.Nge2 e5 7.h3 Nc6 8.Be3 exd4
9.Nxd4 Nxd4 10.Bxd4 Re8 11.O-O Bd7 12.Qd3 a5 13.a4 c5 14.Be3 Bc6 15.Rad1 Qb6
16.b3 Qb4 17.Na2 Qa3 18.Nc3 Qb4 19.Na2 Qa3 20.Nc3  1/2-1/2

[Event "Albena"]
[Site "Albena"]
[Date "1986.??.??"]
[Round "?"]
[White "Azmaiparashvili, Zurab"]
[Black "Davies, Nigel R"]
[Result "1-0"]
[WhiteElo "2470"]
[BlackElo "2440"]

1.d4 g6 2.c4 Bg7 3.Nc3 d6 4.e4 Nc6 5.d5 Nd4 6.Nge2 c5 7.Nxd4 cxd4 8.Nb5 Qb6
9.c5 dxc5 10.Bf4 Kf8 11.Rc1 a6 12.Bc7 Qf6 13.Na3 b5 14.Rxc5 d3 15.Bxd3 Qxb2
16.Nc2 Nf6 17.Bf4 Nd7 18.Rc6 Ne5 19.Rc7 Qxa2 20.O-O Qa5 21.Rc5 Nd7 22.Rc6 Ne5
23.Nd4 Qa4 24.Qc1 Bd7 25.Bxe5 Bxe5 26.Nf3 Bg7 27.Rc7 Rd8 28.Rxd7  1-0

[Event "Albena"]
[Site "Albena"]
[Date "1986.??.??"]
[Round "?"]
[White "Danailov, Silvio"]
[Black "Azmaiparashvili, Zurab"]
[Result "0-1"]
[WhiteElo "2400"]
[BlackElo "2505"]

1.d4 d6 2.Nf3 g6 3.e4 Bg7 4.Nc3 Nf6 5.Be2 O-O 6.O-O Nc6 7.d5 Nb8 8.Re1 c6
9.h3 Qa5 10.Bf1 Bd7 11.Bf4 Re8 12.Nd2 Rc8 13.Nb3 Qd8 14.Qd2 a5 15.Nd4 a4
16.a3 cxd5 17.exd5 Ra5 18.Nde2 Na6 19.g3 b5 20.Bg2 b4 21.Nd1 Rac5 22.c3 b3
23.g4 Qa5 24.Ne3 Nc7 25.Rad1 Bb5 26.Ng3 Na8 27.g5 Nd7 28.Ng4 Nab6 29.Rxe7 Nc4
30.Qc1 Qd8 31.Re4 Nde5 32.Nxe5 dxe5 33.Be3 Rxd5 34.Rxd5 Qxd5 35.Rd4 Qe6 36.Rd1 Bc6
37.f3 Bf8 38.Bf2 Rb8 39.Ne4 Bxa3 40.bxa3 Bxe4 41.fxe4 b2 42.Qc2 Nxa3 43.Qxa4 Qb3
44.Rd8+ Kg7  0-1